| 000 | 01138naa a22003017a 4500 | ||
|---|---|---|---|
| 001 | BR7000677 | ||
| 003 | BR-BrBNA | ||
| 005 | 20240918173411.0 | ||
| 007 | ta | ||
| 008 | 230509b bl.||||| |||| 00| 0 por d | ||
| 040 |
_aBR-BrBNA _bpor _cBiblioteca Nacional de Agricultura |
||
| 041 | _a(Pt) | ||
| 072 |
_aL72 _b4060 _b3730 |
||
| 090 | _aL72 BR7000677 | ||
| 100 | 1 | _aSiqueira, A.J.S. de | |
| 100 | 1 | _aCiocca, M. de L.S. | |
| 111 | 1 |
_a12. Congresso Brasileiro de Medicina Veterinaria _cPorto Alegre, RS (Brazil) _d23 Aug 1970 |
|
| 245 | 1 | _aAminoacidos livres da larva infestante do Boophilus microplus [Parasito de animal; Bioquimica] | |
| 260 | 3 |
_aPorto Alegre, RS (Brasil): _c1970. |
|
| 500 | _aAnais do 12. Congresso Brasileiro de Medicina e Veterinaria Porto Alegre, RS (Brasil): 1970. p. 273-274 (BR7000677-AM)L72 | ||
| 650 | _aPARASITO DE ANIMAL | ||
| 650 | _aAMINOACIDO | ||
| 650 | _aBIOQUIMICA | ||
| 650 | _aLARVA | ||
| 773 | 0 |
_tAnais do 12. Congresso Brasileiro de Medicina e Veterinaria _wL72 BR7000677 _gPorto Alegre, RS (Brasil), 1970. p. 273-274 |
|
| 909 |
_a202404 _bLucia _c55 _dLucia Elande |
||
| 942 |
_cAM _2AGRIS |
||
| 999 |
_c304403 _d304403 |
||